| 000 | 00447pab a2200181 454500 | ||
|---|---|---|---|
| 008 | 180718b2007 xxu||||| |||| 00| 0 eng d | ||
| 100 | _aTrahant, Bill | ||
| 245 | _aElements of successful strategic human capital planning | ||
| 260 | _c2007 | ||
| 300 | _ap.45-50. | ||
| 362 | _aSummer | ||
| 650 | _aStrategic planning | ||
| 700 | _aSonnesyn, Chris | ||
| 700 | _aSteckler, Fred | ||
| 773 | _aPublic Manager | ||
| 908 | _aN | ||
| 909 | _a75620 | ||
| 999 |
_c75620 _d75620 |
||